00737nam a2200169 45000010005000001000033000051010008000382000052000462100121000982150021002193260015002403300224002556060016004796070028004957100024005238010020005472668 a20190723b u||y0fre||u0ba y50 aeng aSisterbPériodiquefLos Angeles Womens Center aLos Angeles, Calif.bThe Women's Center, 218 South Venice Blvd. Venice California 90291 cThe Women's Center d1972- cill.d38 x 29 cm aBi-mensuel aStarted by the Women's Center, a non-partisan organization whose purpose is to serve all the women of Los Angeles. The newspaper was designed to communicate activities and ideas of the women's movement in an open forum. aFéminisme aEtats-Unis d'Amérique aThe Women's Center  aCHbCH-002049-8